El zodíaco y el amor / (Record no. 21496)

MARC details
000 -LEADER
campo de control de longitud fija 00579nam a2200205 i 4500
001 - NÚMERO DE CONTROL
campo de control 21496
003 - IDENTIFICADOR DE NÚMERO DE CONTROL
campo de control ES-MaACL
005 - FECHA Y HORA DE LA ÚLTIMA TRANSACCIÓN
campo de control 20230906152505.0
007 - CAMPO FIJO DE DESCRIPCIÓN FÍSICA--INFORMACIÓN GENERAL
campo de control de longitud fija t|
008 - DATOS DE LONGITUD FIJA--INFORMACIÓN GENERAL
campo de control de longitud fija 021126s1971 sp ||||1| spa d
080 ## - NÚMERO DE LA CLASIFICACIÓN DECIMAL UNIVERSAL
Número de la Clasificación Decimal Universal 133.527.64
100 1# - ENTRADA PRINCIPAL--NOMBRE DE PERSONA
Nombre de persona Alberti, Lucía.
9 (RLIN) 19340
245 13 - MENCIÓN DEL TÍTULO
Título El zodíaco y el amor /
Mención de responsabilidad, etc. Lucía Alberti ; [traducción, Mª Gloria Rossi].
250 ## - MENCION DE EDICION
Mención de edición 1ª ed.
260 ## - PUBLICACIÓN, DISTRIBUCIÓN, ETC.
Lugar de publicación, distribución, etc. Barcelona :
Nombre del editor, distribuidor, etc. Noguer,
Fecha de publicación, distribución, etc. 1971.
300 ## - DESCRIPCIÓN FÍSICA
Extensión 196 p. :
Otras características físicas il. ;
Dimensiones 19 cm.
650 #4 - PUNTO DE ACCESO ADICIONAL DE MATERIA--TÉRMINO DE MATERIA
Término de materia o nombre geográfico como elemento de entrada Horóscopo.
9 (RLIN) 145852
700 1# - ENTRADA AGREGADA--NOMBRE PERSONAL
Nombre de persona Rossi Callizo, Gloria.
9 (RLIN) 161934
852 4# - LOCALIZACIÓN
Ubicación ES-MaACL
Número de control de estantería C-49663
Holdings
Estatus retirado Estado de pérdida Estado de daño No para préstamo Biblioteca de origen Biblioteca actual Ubicación en estantería Fecha de adquisición Fuente de adquisición Total de préstamos Signatura topográfica completa Código de barras Visto por última vez Precio de reemplazo Tipo de ítem Koha
        Biblioteca del Ateneo de Madrid Biblioteca del Ateneo de Madrid Depósito 2 17/01/2008     C-49663 1022090 23/02/2023 23/02/2023 Libro impreso